=LDR 00000nam 2200000 4500 =001 000510 =005 20250710103526 =035 ##$$a 0010-0725000372 =007 ta =008 250710################a##########0#ind## =020 ##$$a 978-623-307-618-0 =082 ##$$a 398.280 2 =084 ##$$a 398.280 2 EHI k =100 #$$a Ehineni, Taiwo =245 1#$$a Kura-Kura Berhidung Bengkok /$c Taiwo Ehineni =250 ##$$a Cetakan Pertama =260 ##$$a Jakarta :$b Badan Pengembangan dan Pembinaan Bahasa,$c 2022 =300 ##$$a 12 hlm. : $b Ilus. ; $c 22,9 cm =650 #4$$a CERITA ANAK-TERJEMAHAN =650 #4$$a LITERASI-BAHAN BACAAN =990 ##$$a TBM02620262